00355nam a2200121Ia 4500008004100000082001500041100002100056245004500077260003400122300001000156630002800166650003900194211109s9999||||xx |||||||||||||| ||und|| a330bJOH-N aJohnson, Harry G 0aNew Trade Strategy For The World Economy bGEORGE g HarrapaLONDONc1969 a344p. xPost Graduate Reference aSOCIAL SCIENCEvECONOMICSEconomics